Electrical installation and workshop technology (Record no. 164603)

MARC details
000 -LEADER
fixed length control field 00773cam a2200229 4500
008 - FIXED-LENGTH DATA ELEMENTS--GENERAL INFORMATION
fixed length control field
020 ## - INTERNATIONAL STANDARD BOOK NUMBER
International Standard Book Number 058203641
050 0# - LIBRARY OF CONGRESS CALL NUMBER
Classification number TK4164THO
003 - CONTROL NUMBER IDENTIFIER
control field
005 - DATE AND TIME OF LATEST TRANSACTION
control field 20230123134349.0
040 ## - CATALOGING SOURCE
Transcribing agency NUST
049 ## - LOCAL HOLDINGS (OCLC)
Holding library MAIN
100 1# - MAIN ENTRY--PERSONAL NAME
Personal name Thompson, Francis G.
245 10 - TITLE STATEMENT
Title Electrical installation and workshop technology
Statement of responsibility, etc. [by] F. G. Thompson; illustrative material by J. H. Smith.
260 ## - PUBLICATION, DISTRIBUTION, ETC.
Place of publication, distribution, etc. London,
Name of publisher, distributor, etc. Longmans,
Date of publication, distribution, etc. 1968-
300 ## - PHYSICAL DESCRIPTION
Extent v.
Other physical details illus.
Dimensions 22 cm.
500 ## - GENERAL NOTE
General note Title of vol. 3: Electrical installation technology. Illustrations by H. E. MacDonnell.
650 #0 - SUBJECT ADDED ENTRY--TOPICAL TERM
Topical term or geographic name entry element Electric wiring
General subdivision Handbooks, manuals, etc.
740 0# - ADDED ENTRY--UNCONTROLLED RELATED/ANALYTICAL TITLE
Uncontrolled related/analytical title Electrical installation technology.
907 ## - LOCAL DATA ELEMENT G, LDG (RLIN)
a .b10229176
b 05-02-07
c 05-02-07
942 ## - ADDED ENTRY ELEMENTS (KOHA)
Koha item type Ordinary Loan Books
Holdings
Date last seen Total Checkouts Full call number Barcode Cost, replacement price Price effective from Koha item type Lost status Source of classification or shelving scheme Damaged status Not for loan Collection Withdrawn status Home library Current library Shelving location Date acquired Cost, normal purchase price
01/23/2023 1 TK4164 THO 92003017841 80.00 01/23/2023 BOOKS   LCC     NFIC   MAIN MAIN GEN 01/23/2023 80.00